النار / (رقم التسجيلة. 50124)

تفاصيل مارك
000 -LEADER
fixed length control field 00606nam a22002057a 4500
005 - DATE AND TIME OF LATEST TRANSACTION
control field 20251108170832.0
008 - FIXED-LENGTH DATA ELEMENTS--GENERAL INFORMATION
fixed length control field 250721s1997 xx 000 0 ara d
082 14 - DEWEY DECIMAL CLASSIFICATION NUMBER
Classification number ط/662.6/مطل
100 1# - MAIN ENTRY--PERSONAL NAME
Personal name مطلق، ألبير
Relator term مؤلف
245 10 - TITLE STATEMENT
Title النار /
264 1# - PRODUCTION, PUBLICATION, DISTRIBUTION, MANUFACTURE, AND COPYRIGHT NOTICE
Place of production, publication, distribution, manufacture بيروت :
Name of producer, publisher, distributor, manufacturer مكتبة لبنان،
Date of production, publication, distribution, manufacture, or copyright notice 1997.
300 ## - PHYSICAL DESCRIPTION
Extent 31ص.
490 0# - SERIES STATEMENT
Series statement كتب الفراشة : المعارف الميسرة ؛3
650 17 - SUBJECT ADDED ENTRY--TOPICAL TERM
Topical term or geographic name as entry element الحرارة
650 17 - SUBJECT ADDED ENTRY--TOPICAL TERM
Topical term or geographic name as entry element الوقود
650 17 - SUBJECT ADDED ENTRY--TOPICAL TERM
Topical term or geographic name as entry element النار
653 ## - INDEX TERM--UNCONTROLLED
Uncontrolled term اطفال مرحله متوسطه (6-9) سنوات
942 ## - ADDED ENTRY ELEMENTS (KOHA)
Source of classification or shelving scheme Dewey Decimal Classification
Koha item type كتب
المقتنيات
حالة السحب حالة الفقدان مصدر التصنيف حالة التلف غير قابل للإعارة المكتبة الرئيسية المكتبة الحالية موقع الرف تاريخ التزويد الرقم المتسلسل Total Checkouts رقم الإستدعاء الباركود تاريخ آخر ظهور تاريخ الفاتورة نوع المادة (كوها)
    Dewey Decimal Classification     المكتبة المركزية المكتبة المركزية الأطفال 02/04/2012 1521164   ط/662.6/مطل PLD00247892 28/07/2025 02/04/2012 كتب
    Dewey Decimal Classification     مكتبة الأميرة ايمان العامة مكتبة الأميرة ايمان العامة الأطفال 16/05/2009 1272522   ط/662.6/مطل PLD00091224 28/07/2025 16/05/2009 كتب
    Dewey Decimal Classification     مكتبة الأميرة سلمى مكتبة الأميرة سلمى الأطفال 29/03/2016 568570   ط/662.6/مطل PLD00383299 28/07/2025 29/03/2016 كتب
    Dewey Decimal Classification     مكتبة الاميرة بديعة مكتبة الاميرة بديعة الأطفال 10/05/2009 1272527   ط/662.6/مطل PLD00087840 28/07/2025 10/05/2009 كتب
    Dewey Decimal Classification     مكتبة الراية الهاشمية للأطفال مكتبة الراية الهاشمية للأطفال الإعارة 28/07/2025 596891   ط/662.6/مطل 596891 28/07/2025 28/07/2025 كتب
    Dewey Decimal Classification     مكتبة الراية الهاشمية للأطفال مكتبة الراية الهاشمية للأطفال الأطفال 10/05/2009 1272524   ط/662.6/مطل PLD00087843 28/07/2025 10/05/2009 كتب
    Dewey Decimal Classification     مكتبة الراية الهاشمية للأطفال مكتبة الراية الهاشمية للأطفال الأطفال 10/02/2015 1591357   ط/662.6/مطل PLD00315975 28/07/2025 10/02/2015 كتب
    Dewey Decimal Classification     مكتبة بدر الجديدة للأطفال مكتبة بدر الجديدة للأطفال الأطفال 28/07/2025 400590   ط/662.6/مطل 400590 28/07/2025 28/07/2025 كتب
    Dewey Decimal Classification     مكتبة حمزة العامة مكتبة حمزة العامة الأطفال 07/03/2018 1668044   ط/662.6/مطل PLD00419122 28/07/2025 07/03/2018 كتب
    Dewey Decimal Classification     مكتبة صويلح العامة مكتبة صويلح العامة الأطفال 16/05/2009 1272523   ط/662.6/مطل PLD00091223 28/07/2025 16/05/2009 كتب
    Dewey Decimal Classification     مكتبةمؤتة مكتبةمؤتة الأطفال 10/05/2009 1272525   ط/662.6/مطل PLD00087842 28/07/2025 10/05/2009 كتب
Implemented & Customized by: BBB with SCIT (Smart Chains for Information Technology)

Powered by Koha